| 000 | 01033nam a2200265 a 4500 | ||
|---|---|---|---|
| 001 | 000009712 | ||
| 003 | DO-SdBNP | ||
| 005 | 20170927112529.0 | ||
| 007 | 000009712 | ||
| 008 | 091001s2001 dr a 000 p spa d | ||
| 040 |
_aBPMSU _bspa _cBPMSU |
||
| 082 | 4 |
_aRD861.44 _bB582i |
|
| 110 | 2 | _aRepública Dominicana. Biblioteca Nacional "Pedro Henríquez Ureña". | |
| 245 | 0 | 0 |
_aBiblioteca infantil : _bconcurso poesía a las madres 1992 - 2001 / _cpresentación Maira Fernández. |
| 260 |
_aSanto Domingo : _bBiblioteca Nacional, _c2001. |
||
| 300 |
_a[100 p.] ; _c21 cm. |
||
| 505 | 2 | _aCompilación de las obras premiadas en el Concurso "Poesía a las madres" organizado por la Sala Infantil de la Biblioteca Nacional "Pedro Henríquez Ureña " entre los años 1992-2001 | |
| 650 | 4 | _aPOESÍA DOMINICANA | |
| 650 | 4 | _aLITERATURA DOMINICANA | |
| 650 | 4 | _aNIÑOS AUTORES | |
| 910 | _aValidado. Control de calidad BNPHU | ||
| 942 |
_2ddc _cBK |
||
| 945 | _aInventariado, 2017/MFF | ||
| 956 |
_aVMATEO _b10 _c20150518 _lBPMSU _h0069 |
||
| 999 |
_c7242 _d7242 |
||